LIBRARY & INFORMATION CENTRE, KCAET, TAVANUR

ONLINE PUBLIC ACCESS CATALOGUE (OPAC)

Discrete mathematics and its applications with combinatorics and graph theory (Record no. 13623)

MARC details
000 -LEADER
fixed length control field 00409nam a22001457a 4500
020 ## - INTERNATIONAL STANDARD BOOK NUMBER
ISBN 9780070681880
082 ## - DEWEY DECIMAL CLASSIFICATION NUMBER
Classification number 512
Item number ROS/DI
100 ## - MAIN ENTRY--AUTHOR NAME
Personal name Rosen, Kenneth H
245 ## - TITLE STATEMENT
Title Discrete mathematics and its applications with combinatorics and graph theory
250 ## - EDITION STATEMENT
Edition statement 7
260 ## - PUBLICATION, DISTRIBUTION, ETC. (IMPRINT)
Place of publication New Delhi
Name of publisher Tata McGraw Hill Education Private Limited
Year of publication 2011
300 ## - PHYSICAL DESCRIPTION
Number of Pages 850
700 ## - ADDED ENTRY--PERSONAL NAME
Personal name Kamala Krithivasan
942 ## - ADDED ENTRY ELEMENTS (KOHA)
Koha item type Books
Holdings
Withdrawn status Lost status Damaged status Collection code Home library Current library Shelving location Date acquired Full call number Accession Number Koha item type
      Non-fiction KAUAET KAUAET General Stacks 31/03/2012 512 ROS/DI 22486 Books
free website counter